[Event "IND-ch U09 Girls 37th"]
[Site "Pune"]
[Date "2024.12.27"]
[Round "2"]
[White "Anaya, Sharma"]
[Black "Priyesh, Avantika"]
[Result "1-0"]
[WhiteElo "1623"]
[BlackElo "1418"]
[PlyCount "161"]
[EventDate "2024.12.27"]
[EventType "swiss"]
[EventRounds "11"]
[EventCountry "IND"]
[SourceTitle "CB02_2025"]
[SourceDate "2025.01.08"]
[SourceVersion "1"]
[SourceVersionDate "2025.01.08"]
[SourceQuality "1"]

1. e4 c5 2. d3 Nc6 3. Nf3 Nf6 4. g3 e6 5. Bg2 d5 6. Nbd2 Bd6 7. 0-0 0-0 8. Re1 dxe4 9. dxe4 Ne5 10. b3 Nxf3+ 11. Qxf3 e5 12. h3 Be6 13. Bb2 Qd7 14. Kh2 Bc7 15. Rad1 Ba5 16. Nc4 Qb5 17. a4 Qa6 18. Rd6 b6 19. Nxa5 Qxa5 20. Bc3 Qa6 21. Bxe5 Nd7 22. Bc3 Qb7 23. Rxe6 fxe6 24. Qg4 e5 25. Bxe5 Nxe5 26. Qe6+ Qf7 27. Qxe5 Qxf2 28. Qd5+ Qf7 29. e5 Rae8 30. e6 Qe7 31. Be4 Rd8 32. Qb7 Qxb7 33. Bxb7 Rd6 34. Be4 Re8 35. Bf5 g6 36. Bd3 Kh8 37. Bc4 Kg7 38. Re2 Kf6 39. g4 Rexe6 40. Bxe6 Rxe6 41. Rd2 Ke7 42. Kg2 h5 43. gxh5 gxh5 44. Kf1 Re3 45. Re2 Rxe2 46. Kxe2 Kf6 47. Kf2 Kg5 48. Kg1 Kh4 49. Kh2 Kg5 50. Kg3 h4+ 51. Kf3 Kf5 52. c3 a6 53. b4 cxb4 54. cxb4 Kg5 55. Ke4 a5 56. b5 Kh5 57. Kf5 Kh6 58. Kg4 Kg6 59. Kxh4 Kh6 60. Kg4 Kg6 61. h4 Kh7 62. Kf5 Kh8 63. Ke6 Kh7 64. Kd6 Kh6 65. Kc6 Kh5 66. Kxb6 Kxh4 67. Kxa5 Kg5 68. b6 Kf6 69. b7 Ke6 70. b8Q Kf6 71. Qb5 Ke6 72. Qc5 Kf6 73. Qd5 Kg6 74. Qe5 Kh6 75. Qg3 Kh5 76. Kb5 Kh6 77. Kc6 Kh5 78. Kd5 Kh6 79. Ke6 Kh5 80. Kf6 Kh6 81. Qg6# 1-0